[Event "Wch U16 blitz"]
[Site "Batumi"]
[Date "2023.06.10"]
[Round "1"]
[White "Serikhan, Sanjar"]
[Black "Ghimoyan, Narek"]
[Result "0-1"]
[WhiteElo "1290"]
[BlackElo "1911"]
[PlyCount "122"]
[EventDate "2023.06.10"]
[EventType "swiss (blitz)"]
[EventRounds "11"]
[EventCountry "GEO"]
[SourceTitle "EXT 2024"]
[Source "ChessBase"]
[SourceDate "2023.10.10"]
[SourceVersion "1"]
[SourceVersionDate "2023.10.10"]
[SourceQuality "1"]
[WhiteTeam "Kazakhstan"]
[BlackTeam "Armenia"]
[WhiteTeamCountry "KAZ"]
[BlackTeamCountry "ARM"]

1. d4 Nf6 2. Nf3 d5 3. Bf4 c5 4. e3 Nc6 5. Nc3 Bg4 6. Be2 e6 7. 0-0 Be7 8. dxc5 Bxc5 9. Ne5 Bxe2 10. Qxe2 0-0 11. Rfd1 Qe7 12. Qb5 Nxe5 13. Bxe5 Rac8 14. Bd4 Bxd4 15. Rxd4 a6 16. Qe2 Qc5 17. Rh4 b5 18. a3 Rfd8 19. Rd1 h6 20. Qf3 a5 21. Rxh6 gxh6 22. Qxf6 Qf8 23. Rd4 Qg7 24. Qh4 f5 25. g4 e5 26. Rxd5 Qxg4+ 27. Qxg4+ fxg4 28. Rxe5 b4 29. axb4 axb4 30. Ne4 Rxc2 31. Re7 Rf8 32. Rb7 Rxb2 33. Nc5 Rfxf2 34. Nd3 Rg2+ 35. Kf1 Rxh2 36. Nxb2 Rxb2 37. e4 h5 38. Rb5 Rh2 39. Rxb4 Kf7 40. Rb6 g3 41. Kg1 h4 42. e5 h3 43. Rb3 Rg2+ 44. Kh1 Ke6 45. Rb6+ Kf5 46. Rf6+ Kg5 47. Rf3 Kg4 48. Rf8 Rc2 49. Rg8+ Kf4 50. Rf8+ Kxe5 51. Re8+ Kf6 52. Re1 Kf5 53. Rf1+ Kg4 54. Rd1 Rc4 55. Re1 Rc2 56. Ra1 Kf3 57. Rf1+ Rf2 58. Ra1 g2+ 59. Kh2 Rf1 60. Ra3+ Ke4 61. Rg3 Rh1# 0-1

[Event "Wch U16 rapid"]
[Site "Batumi"]
[Date "2023.06.07"]
[Round "7"]
[White "Serikhan, Sanjar"]
[Black "Tokhyan, Feliks"]
[Result "0-1"]
[WhiteElo "1340"]
[BlackElo "1610"]
[PlyCount "138"]
[EventDate "2023.06.06"]
[EventType "swiss (rapid)"]
[EventRounds "11"]
[EventCountry "GEO"]
[SourceTitle "EXT 2024"]
[Source "ChessBase"]
[SourceDate "2023.10.10"]
[SourceVersion "1"]
[SourceVersionDate "2023.10.10"]
[SourceQuality "1"]
[WhiteTeam "Kazakhstan"]
[BlackTeam "Armenia"]
[WhiteTeamCountry "KAZ"]
[BlackTeamCountry "ARM"]

1. d4 d5 2. Nf3 Bf5 3. Bf4 e6 4. e3 Nf6 5. Bd3 Bxd3 6. Qxd3 c5 7. c3 Nc6 8. Nbd2 Bd6 9. Bxd6 Qxd6 10. 0-0 cxd4 11. exd4 0-0 12. Rfe1 Rac8 13. Ne5 Nd7 14. f4 Rce8 15. Re3 f6 16. Nxd7 Qxd7 17. Rh3 f5 18. Nf3 Rf6 19. Rg3 Qc7 20. Qb5 a6 21. Qb3 Na5 22. Qb4 Nc4 23. Ne5 Nxe5 24. dxe5 Rf7 25. a4 Rc8 26. Rd1 Qc4 27. Qb6 Qxa4 28. Rdd3 Qc6 29. Qb3 Qc5+ 30. Kf1 Qc4 31. Qxc4 Rxc4 32. Rgf3 Rd7 33. g3 d4 34. Rf2 Rd5 35. Rfd2 dxc3 36. Rxd5 cxd2 37. Rxd2 Rc7 38. Ke2 Kf7 39. Ke3 Ke7 40. Rd6 Rc6 41. Rd2 Rb6 42. h3 Rb3+ 43. Kf2 a5 44. Kg2 a4 45. g4 g6 46. g5 Rb6 47. h4 Rc6 48. Kg3 b5 49. Re2 b4 50. Rd2 Ra6 51. Rd4 a3 52. bxa3 bxa3 53. Rd1 a2 54. Ra1 Ra3+ 55. Kf2 Rh3 56. Kg2 Ra3 57. Kf2 Kd7 58. Ke2 Kc6 59. Kd2 Rh3 60. Kc2 Rxh4 61. Kb3 Rh2 62. Rxa2 Rxa2 63. Kxa2 Kd5 64. Kb3 Ke4 65. Kc4 Kxf4 66. Kd4 Kxg5 67. Kc5 f4 68. Kd6 f3 69. Kxe6 f2 0-1

[Event "Wch U16 rapid"]
[Site "Batumi"]
[Date "2023.06.06"]
[Round "3"]
[White "Serikhan, Sanjar"]
[Black "Aleksanyan, Davit"]
[Result "0-1"]
[WhiteElo "1340"]
[BlackElo "1811"]
[PlyCount "100"]
[EventDate "2023.06.06"]
[EventType "swiss (rapid)"]
[EventRounds "11"]
[EventCountry "GEO"]
[SourceTitle "EXT 2024"]
[Source "ChessBase"]
[SourceDate "2023.10.10"]
[SourceVersion "1"]
[SourceVersionDate "2023.10.10"]
[SourceQuality "1"]
[WhiteTeam "Kazakhstan"]
[BlackTeam "Armenia"]
[WhiteTeamCountry "KAZ"]
[BlackTeamCountry "ARM"]

1. d4 Nf6 2. Nf3 g6 3. Bf4 Bg7 4. e3 0-0 5. Bd3 d6 6. c3 Nc6 7. 0-0 Re8 8. Bb5 a6 9. Ba4 b5 10. Bc2 Bb7 11. e4 e5 12. Bg5 exd4 13. cxd4 h6 14. Bh4 g5 15. Bg3 Nxe4 16. Nc3 Nb4 17. Bb1 Nxc3 18. bxc3 Nd5 19. Qb3 Nb6 20. h4 g4 21. Nd2 Re2 22. Rd1 Qd7 23. Bd3 Re7 24. h5 Qc6 25. Bf1 Rae8 26. Qc2 Qd5 27. Bh4 Re6 28. Qd3 Qxh5 29. Bg3 Qg6 30. Qxg6 fxg6 31. Nb3 Bd5 32. Nc1 Na4 33. Nd3 Nxc3 34. Rdc1 Bxd4 35. Nf4 Rf6 36. Nxd5 Nxd5 37. Rd1 Bxa1 38. Rxa1 Nf4 39. a4 Ne2+ 40. Bxe2 Rxe2 41. axb5 axb5 42. Ra7 c5 43. Ra8+ Kf7 44. Ra7+ Re7 45. Ra5 b4 46. f4 c4 47. Bh4 c3 48. Bxf6 Kxf6 49. Ra1 c2 50. f5 gxf5 0-1